| 000 | 00637nam a2200241 a 4500 | ||
|---|---|---|---|
| 999 |
_c28368 _d28368 |
||
| 001 | 28368 | ||
| 003 | Mx-PuUPA | ||
| 005 | 20190620163235.0 | ||
| 008 | 140415s1980 000 0 spa d | ||
| 040 | _cMx-PuUPA | ||
| 041 | _aspa | ||
| 082 |
_a150 _bROG |
||
| 100 | 1 |
_aM. Bellows, Roger _eautor |
|
| 245 | 1 | 0 | _aPsicología del personal en las industria y los negocios. |
| 250 | _aPrimera edición | ||
| 264 |
_aMéxico : _bEditorial Diana, _c1980 |
||
| 300 |
_a469 páginas ; _c24 cm. |
||
| 336 |
_atexto _2rdacontent |
||
| 337 |
_asin mediación _2rdamedia |
||
| 338 |
_avolumen _2rdacarrier |
||
| 520 | _aCG | ||
| 942 |
_2ddc _cLI |
||